| 000 | 00787nam a2200277 4500 | ||
|---|---|---|---|
| 001 | 2185365 | ||
| 003 | OSt | ||
| 005 | 20140310182118.0 | ||
| 008 | 720323s1972 njua b 001 0 eng | ||
| 010 | _a 71170031 | ||
| 020 | _a0135242983 | ||
| 040 |
_aDLC _cDLC _dDLC |
||
| 043 | _acl----- | ||
| 050 | 0 | 0 |
_aF 1410 _b.B967 1972 |
| 082 | 0 | 0 |
_aHS 980 _b.Bu93 1972 |
| 100 | 1 |
_aBurns, E. Bradford. _913859 |
|
| 245 | 1 | 0 |
_aLatin America; a concise interpretive history _cE. Bradford Burns. |
| 260 |
_aEnglewood Cliffs, N.J.: _bPrentice-Hall, _cc1972. |
||
| 300 |
_axv, 272 p. _bill, ; _c23 cm. |
||
| 500 | _aincludes index. | ||
| 541 | _j1 | ||
| 562 | _e1 | ||
| 650 |
_aHistory, _xLatin America. _913860 |
||
| 906 |
_a7 _bcbc _corignew _d2 _encip _f19 _gy-gencatlg |
||
| 942 |
_2lcc _cHS |
||
| 999 |
_c9497 _d9497 |
||